000 00998nam a2200289Ia 4500
001 Para_830
003 CHAP
008 220125s1993 xx 000 0 und d
010 _a198728
040 _cCHAP
090 _aPA TESIS 802
100 _aLuna Leon, Candido
_9164026
245 _aResistencia de tres genotipos de maíz (Zea mays L.) al ataque del barrenador mayor de los granos Postephanus truncatus (Coleoptera :
_b Bostrichidae) /
_c por Candido Luna Leon
260 _aMontecillo, Méx. :
_b El autor
300 _a62 h.
502 _aTesis (M.C. Esp. en Entomología) CP Centro de Entomología y Acarología
650 _aMaíz
_x variedades resistentes a plagas
_971083
650 _aProstephanus truncatus
_992436
710 _aCP Centro de Entomología y Acarología
_9164012
901 _aPA TESIS 802
902 _aA
905 _a0000001993 0000000000 00
910 _a1993
942 _cPARA
942 _cPARA
_d1
999 _c198728
_d198728